Ética y Derechos Humanos en la Era Biotecnolg̤ica

Detalles Bibliográficos
Autor principal: Rodrg̕uez Merino, Jos ̌Mara̕
Formato: Microfilme Libro
Lenguaje:español
Publicado: Madrid Dykinson 2015
Materias:
Acceso en línea:Acceso restringido

MARC

LEADER 00000nam a22000007a 4500
005 20160526141735.0
007 h||||| ||u|
008 160526s201 spa||||| |||| 00||0 spa d
020 |a  978-84-9085-474-7 
035 |a 14275 
040 |a vLex  
090 |c 6156  |d 6156 
100 1 |a Rodrg̕uez Merino, Jos ̌Mara̕ 
245 1 0 |a Ética y Derechos Humanos en la Era Biotecnolg̤ica  |h [Recurso electrn̤ico] /  |c Jos ̌Mara̕ Rodrg̕uez Merino  
256 |a Servicio en ln̕ea 
260 |a Madrid  |b Dykinson  |c 2015 
300 |a 1 recurso electrn̤ico (4ð edicin̤ 280 pg̀s) 
506 1 |a Contenido solo disponible en los productos indicados  |d vLex Global  |d vLex Global (Academic Edition, excluding Law Schools)  |d vLex Global (U.S. Academic Edition, Law Schools)  |d vLex Global (U.S. Academic Edition, excluding Law Schools)  |d vLex Global (Academic Edition, Law Schools) 
650 0 4 |a Derecho  |z Madrid 
740 0 |a vLex libros (servicio en ln̕ea)  
856 4 0 |u http://vlex.com/source/etica-derechos-humanos-era-biotecnologica-14275  |z Acceso restringido 
942 |c BOOK 
999 0 |a Law  |b Madrid